| 000 | 01505nam a22003617a 4500 | ||
|---|---|---|---|
| 005 | 20240530110508.0 | ||
| 008 | 151021s2010 ua a f 000 0 ara d | ||
| 017 |
_a2010/10393 _bمصر . دار الكتب المصرية |
||
| 040 | _aEG-CaGPL | ||
| 082 | 0 | 4 |
_221 _a324.20962\ _bق/ع أ |
| 100 | 0 | _aعبدالغفار شكر . | |
| 245 | 1 | 2 |
_aالاحزاب السياسية و ازمة التعددية فى مصر / _cتاليف عبدالغفار شكر ، عماد صيام ، مصطفى مجدى الجمال . |
| 250 | _aط1. | ||
| 260 |
_aالقاهرة : _bمكتبة جزيرة الورد ، _c2010 . |
||
| 300 |
_a328 ص ؛ _c24 سم . |
||
| 650 | 0 | 4 | _aالاحزاب السياسية . |
| 650 | 0 | 4 | _aحزب الوفاق القومى . |
| 650 | 0 | 4 | _aحزب الوسط . |
| 650 | 0 | 4 | _aحزب الكرامة . |
| 650 | 0 | 4 | _aالحزب السيوعي المصرى . |
| 650 | 0 | 4 | _aحزب التجمع . |
| 650 | 0 | 4 | _aجزب الجبهة الديمقراطية . |
| 650 | 0 | 4 | _aحزب الغد . |
| 650 | 0 | 4 | _aحزب الوفد . |
| 651 | 0 | 4 |
_aمصر _xالحزب الوطنى الديمقراطى . |
| 651 | 0 | 4 |
_aمصر _xالاحزاب القومية . |
| 651 | 0 | 4 |
_aمصر _xالاحزاب الاشتراكية . |
| 651 | 0 | 4 |
_aمصر _xالاحزاب الليبرالية . |
| 700 | 0 |
_aعماد صيام _eمؤلف مشارك . |
|
| 700 | 0 |
_aمصطفى مجدى الجمال _eمؤلف مشارك . |
|
| 942 |
_2ddc _cBK |
||
| 999 |
_c61611 _d61611 |
||